000 00634nam a2200241Ia 4500
003 OSt
005 20221007081941.0
006 a|||||r|||| 00| 0
007 ta
008 221006b |||||||| |||| 00| 0 eng d
024 _a28,002
037 _cTextual
040 _aFLL
_cFLL
_beng
041 _2eng
_aeng
082 _aZ73:3, J4;1
100 _aSimpon Laurence P.
_9698361
245 0 _aLaw of contracts
250 _a2nd
260 _aSt. Paul ,
_bMinn. West Publishing Co. St. Minn.
_c1954
300 _axix,510p
_ccm.
942 _hZ73:3, J4;1
_cTEXL
_2CC
999 _c1164828
_d1164828